00421 a2200157 4500003000500000005001700005040000900022082001000031100003100041245008300072260003100155300001000186538003000196650001700226651002000243Nust20170207171611.0 cNust a005.1 aJatoi, Maj Faisal. BESE-17 aFortify Me. BESE-17cMaj Faisal Jatoi, Maj Usama Nisar Khan, Capt Imran Aziz.  aRawalpindibMCScJune 2015 a121p. aAlmirah No 72 Shelf No 6  aUG Projects  aUG CS Projects